000 00627nam a2200277Ia 4500
005 20260324135817.0
008 008 260324s9999 xx 000 0 eng d
020 _a9781351289849
037 _aEBOOK
040 _aCRL
040 _beng
040 _cCRL
041 _2eng
041 _aeng
084 _qCRL
100 _aWolfgang Schluchter
_91202005
245 0 _aMax Weber and Islam
260 _bTaylor and Francis
260 _c1999
365 _a
365 _b230
856 _uhttp://www.taylorfrancis.com/books/9781351289849
942 _cEBOOK
999 _c1803463
_d1803463